Historia, Geografía y Ciencias Sociales 2º medio: guía didáctica del docente

Сохранить в:
Библиографические подробности
Главные авторы: Santibáñez Galleguillos, Lucía (Автор), Muñoz Araya, Paola (Автор), Riffo Pastrana, Jorge (Автор)
Формат:
Язык:испанский
Опубликовано: Santiago Ediciones SM 2013
Редактирование:1a. ed
Предметы:
Метки: Добавить метку
Нет меток, Требуется 1-ая метка записи!

MARC

LEADER 00000cam a2200000 a 4500
001 UCD9914
003 CL-VaPUC
008 170709e20130000cl |||||||||||||||||spa|d
020 |a 9789563495416 
082 0 4 |a 900.712  |b SAN  |2 21 
100 0 |a Santibáñez Galleguillos, Lucía  |e author  |9 593824 
700 0 |a Muñoz Araya, Paola  |e author  |9 593825 
700 0 |a Riffo Pastrana, Jorge  |e author  |9 593826 
245 1 0 |a Historia, Geografía y Ciencias Sociales 2º medio: guía didáctica del docente 
250 |a 1a. ed 
300 |a 160 p 
942 |c BK 
945 |d 20170709 17:01:00  |a arojas 
260 |a Santiago  |b Ediciones SM  |c 2013 
650 0 |a Enseñanza de la historia   |9 307330 
650 0 |a Enseñanza de la geografía  |9 310005 
650 0 |a Enseñanza de las ciencias sociales  |9 337823 
650 0 |a Textos escolares  |9 382843 
650 0 |a Libros de texto  |9 270019 
583 |a last modification  |c 20170709 17:01:00  |k Rodrigo Vera 
999 |c 368926  |d 368924 
952 |0 0  |1 0  |3 erb  |4 0  |6 900_712000000000000_SAN_2013  |7 0  |8 A  |9 484404  |a BIBEDU  |b BIBEDU  |i 5405416  |o 900.712 SAN 2013  |p 5405416  |r 2019-11-24  |w 2019-11-24  |y BK  |z Catalogado en:20170709  |k EPE